000 00243nam a2200097Ia 4500
001 1182471
005 20250827020835.0
008 250824s9999 xx 000 0 und d
245 0 _aTAVAN ARASI SIRLARI
_cNEHİR YARAR
260 _bALTIN KİTAPLAR
999 _c1182471
_d1182471